| 000 | 00844nam a22002177a 4500 | ||
|---|---|---|---|
| 005 | 20240704120136.0 | ||
| 010 | _aENG-140753 | ||
| 020 |
_c645.00 _a9788179308882 |
||
| 035 | _aEN-124285 | ||
| 082 | _a954 | ||
| 100 |
_aKar, Priyadarshi _968114 |
||
| 245 |
_aA Comprehensive History of: _bMODERN INDIA/ _hEnglish _cby Priyadarshi Kar; Brishti Bandhyopadhyay [and] edited by Kalpana Rajaram |
||
| 250 | _aSixteenth | ||
| 260 |
_bSPECTRUM BOOKS (P) LTD. _aNew Delhi _c2024 |
||
| 270 |
_aA1 291, First Floor, Janakpuri, _bNew Delhi _e110058 _k25507922 _k25623501 _k25611640 _k9958327924 _minfo@spectrumbooksonline.in |
||
| 300 |
_axii,648 p. _c24cm (Pb) |
||
| 700 |
_aBandhyopadhya, Brishti _968106 |
||
| 700 |
_aRajaram, Kalpana _968115 |
||
| 942 |
_2ddc _cEN _h954 _mKar |
||
| 999 |
_c203945 _d203945 |
||